000 00687cab a2200229 4500
001 WB2715-10
008 090401t1991 xxu||||| |||| 00| 0 eng d
035 _a(Sirsi) u56685
041 _aeng
245 _aUnit trusts go into property
260 _c1991
350 _a0
490 _aWeekend Financial Times
_v13/4/91 pV
520 _aUnit trusts will soon be able to invest in property. This article examines how APUTS - authorised property unit trusts , can be established.
650 _aPINCS
650 _aPROPERTY INVESTMENT
650 _aPROPERTY UNIT TRUSTS
650 _aUNIT TRUSTS
690 _aPROPERTY-COMMERCIAL PROPERTY
942 _n0
948 _c04/03/1997
999 _c34597
_d34597